000 00755nam a2200229Ii 4500
003 JO-AjNU
008 230605s9999||||xx |||||||||||||| ||und||
017 _a2006/11/3165
020 _a9957-00-293-7
040 _aJO-AjNU
_bara
_erda
_cJO-AjNU
041 _aara
050 1 4 _aPJ6106.M2438 2006
100 3 _aتاليف الملخ، حسن خميس,
_eauthor
_910980
245 0 0 _aرؤى لسانية في نظرية نظرية النحو العربي
250 _aط1
264 3 1 _aعمان: دار الشروق، 2006
300 _a256ص
336 _atext
_btxt
_2rdacontent
337 _aunmediated
_bn
_2rdamedia
338 _avolume
_bnc
_2rdacarrier
650 4 _aالنحو العربي-قواعد اللغة-اللغة العربية
_910981
999 _aA2087
_c5655
_d5655